| 000 | 00419 a2200157 4500 | ||
|---|---|---|---|
| 020 | _a9693507894 | ||
| 040 |
_aDLC _bDLC |
||
| 082 | _a891.4393 | ||
| 100 | _a Ishfaq Ahmad | ||
| 245 |
_aSubhanay Fasaney _cIshfaq Ahmad |
||
| 260 |
_aLahore: _bSang-e-meel Publications, _c2006. |
||
| 300 |
_a 279 p. _c ; 20 cm. |
||
| 500 | _aIncludes Index | ||
| 650 | _aUrdu Literature-- Short stories. | ||
| 942 |
_cBK _k 891.4393 ISH _2ddc |
||
| 999 |
_c5173 _d5173 |
||